000 00826nam a2200157 4500
001 6429
020 0 0 _a9780330522991
100 0 0 _aNaipaul, V. S.
245 0 0 _aA bend in the river /
_b
_cV. S. Naipaul.
_h
260 0 0 _aLondon ;
_bPicador.
_c2011.
300 0 0 _aix, 325 p ; 21 cm.
520 _aV.S. Naipaul takes us deeply into the life of one man, an Indian who, uprooted by the bloody tides of Third World history, has come to live in an isolated town at the bend of a great river in a newly independent African nation. Naipaul gives us the most convincing and disturbing vision yet of what happens in a place caught between the dangerously alluring modern world and its own tenacious past and traditions.
650 0 0 _aAfrica -- Fiction.
_x
650 0 0 _aEast Indians -- Africa -- Fiction.
_x
650 0 0 _aEast Indians.
_x
999 _c5418
_d5418